• 首页
  • 本馆介绍
  • 公告通知
  • 最新文献
  • 馆藏检索
  • 电子资源
  • 读者导购
  • 参考咨询
  • 我的图书馆
  • 登录
  • 详细信息显示
  • 放入我的书架
  • 预约/预借图书
  • 作者相关作品
  • 分类相关作品
  • 丛书相关作品
  • 出版社相关作品

书目信息

  • 表格格式
  • 工作单格式
  • 卡片格式
题名:
我是大西洋来的飓风
    
 
作者: 郭明晓 著
分册:  
出版信息: 武汉   湖北教育出版社  2014
页数: 182页
开本: 24cm
丛书名:
单 册:
中图分类: G63
科图分类:
主题词: 中小学教育--教学经验
电子资源:
ISBN: 978-7-5564-0173-4
000 00911nam0 2200253 450
001 012015000054
005 20151210161951.35
010    @a978-7-5564-0173-4@dCNY27.80
100    @a20141015d2014 em y0chiy50 ea
101 0  @achi
102    @aCN@b420000
105    @aa z 000yy
106    @ar
200 1  @a我是大西洋来的飓风@Awo shi da xi yang lai de ju feng@e一个新教育教师的生命叙事@f郭明晓著
210    @a武汉@c湖北教育出版社@d2014
215    @a182页@c图@d24cm
300    @a新教育文库·通识书系
330    @a本书真实记录了新教育榜样教师——郭明晓老师退休前践行新教育的5年中的所读、所思、所行,真实记录了她的困惑与求索、成长与收获。
517 1  @a一个新教育教师的生命叙事@Ayi ge xin jiao yu jiao shi de sheng ming xu shi
606 0  @a中小学教育@x教学经验
690    @aG63@v5
701  0 @a郭明晓@Aguo ming xiao@c(女,@f1958-)@4著
801  0 @aCN@b碧洲教育@c20151129
905    @a10447@f3@dG63@e361
    
    我是大西洋来的飓风:一个新教育教师的生命叙事/郭明晓著.-武汉:湖北教育出版社,2014
    182页:图;24cm
    新教育文库·通识书系
    
    ISBN 978-7-5564-0173-4:CNY27.80
    本书真实记录了新教育榜样教师——郭明晓老师退休前践行新教育的5年中的所读、所思、所行,真实记录了她的困惑与求索、成长与收获。
●
相关链接 在E读中查询图书 在五车中查询图书 在当当中查询图书 在豆瓣中查询图书


正题名:我是大西洋来的飓风     索取号:G63/361         预约/预借

序号 登录号 条形码 馆藏地/架位号 状态 备注
1 0872282   208722827   第一样本阅览室/ [索取号:G63/361] 在馆    
2 0872283   208722836   教育系资料室/ [索取号:G63/361] 在馆    
3 0872284   208722845   教育系资料室/ [索取号:G63/361] 在馆    
唐山师范学院图书馆 欢迎您!
大连网信软件有限公司© 版权所有